Normal view
MARC view
Entry Personal Name
001 - CONTROL NUMBER
- control field: 19485
003 - CONTROL NUMBER IDENTIFIER
- control field: ARRUPE
005 - DATE AND TIME OF LATEST TRANSACTION
- control field: 20150908124325.0
008 - FIXED-LENGTH DATA ELEMENTS
- fixed length control field: 150908|| aca||aabn | a|a d
040 ## - CATALOGING SOURCE
- Original cataloging agency: ARRUPE
- Transcribing agency: ARRUPE
100 ## - HEADING--PERSONAL NAME
- Personal name: Pasteur, Louis,
- Dates associated with a name: 1822-1895.
670 ## - SOURCE DATA FOUND
- Source citation: Work cat.: (ARRUPE)0: Conant, James Bryant, 1893-1978 ed. 19484, Pasteur's and Tyndall's study of spontaneous generation., 1953.